000 00532nam a2200205Ia 4500
008 140626s9999 xx 000 0 und d
100 _aChan, Melanie.
245 4 _aThe ride south :
_b discovering CamSur and Caramoan /
_cMelanie Chan.
260 _cc2011.
300 _a13 : 7, page 50
440 _aCruising
521 _aTOU
650 _aAdventure tourism.
650 _aBicol region.
650 _aCamarines sur.
650 _aCaramoan is.
650 _aFine beaches.
650 _aLocal community.
942 _cSE
999 _c121174
_d121174